| 000 | 00920nam a22002055i 4500 | ||
|---|---|---|---|
| 001 | 161358 | ||
| 003 | ES-MaACL | ||
| 005 | 20250929063233.0 | ||
| 008 | 020729s1890 sp |||| | spa d | ||
| 100 | 0 |
_aParada y Santín, José, _d1857-1923 _988911 |
|
| 245 | 1 | 0 |
_aDiscursos leídos en la sesión inaugural del año académico de 1890-1891 en la Sociedad Española de Higiene celebrada en noviembre de 1890 / _cpor José Parada y Santín y Nicasio Mariscal. |
| 260 |
_aMadrid : _b[s.n.], _c1890 ( _fImp. de Enrique Teodoro) |
||
| 300 |
_a19, 55 p. ; _c22 cm. |
||
| 650 | 4 |
_aSalubridad pública- _zEspaña. _9149328 |
|
| 650 | 4 |
_aSalud pública- _zEspaña- _yS.XIX. _9148681 |
|
| 700 | 1 |
_aMariscal y García, Nicasio. _976895 |
|
| 710 | 2 |
_aSociedad Española de Higiene. _96725 |
|
| 852 |
_aES-MaACL _jT-528-F-10 _z- Enc. hol., conservando cub. original _z- Enc. en un vol. facticio |
||
| 999 |
_c161358 _d161358 |
||